Healthy buildings : (Record no. 608601)

000 -LEADER
fixed length control field 01618cam a2200361 i 4500
001 - CONTROL NUMBER
control field 21290714
003 - CONTROL NUMBER IDENTIFIER
control field NUST
005 - DATE AND TIME OF LATEST TRANSACTION
control field 20240307141652.0
008 - FIXED-LENGTH DATA ELEMENTS--GENERAL INFORMATION
fixed length control field 191101s2020 maua b 001 0 eng
010 ## - LIBRARY OF CONGRESS CONTROL NUMBER
LC control number 2019044954
020 ## - INTERNATIONAL STANDARD BOOK NUMBER
International Standard Book Number 9780674237971
038 ## - RECORD CONTENT LICENSOR
Staff Name Malang Jan
040 ## - CATALOGING SOURCE
Original cataloging agency MH/DLC
Language of cataloging eng
Description conventions rda
Transcribing agency DLC
Modifying agency DLC
042 ## - AUTHENTICATION CODE
Authentication code pcc
050 00 - LIBRARY OF CONGRESS CALL NUMBER
Classification number HC79.I52
Item number A55 2020
082 00 - DEWEY DECIMAL CLASSIFICATION NUMBER
Classification number 363.11
Edition number 23
Author Mark ALL
100 1# - MAIN ENTRY--PERSONAL NAME
Personal name Allen, Joseph G.,
Dates associated with a name 1975-
Relator term author.
9 (RLIN) 121970
245 10 - TITLE STATEMENT
Title Healthy buildings :
Remainder of title how indoor spaces drive performance and productivity /
Statement of responsibility, etc. Joseph G. Allen, John D. Macomber.
264 #1 - PRODUCTION, PUBLICATION, DISTRIBUTION, MANUFACTURE, AND COPYRIGHT NOTICE
Place of production, publication, distribution, manufacture Cambridge, Massachusetts ;
-- London, England :
Name of producer, publisher, distributor, manufacturer Harvard University Press,
Date of production, publication, distribution, manufacture, or copyright notice 2020.
300 ## - PHYSICAL DESCRIPTION
Extent ix, 292 pages :
Other physical details illustrations ;
Dimensions 24 cm
336 ## - CONTENT TYPE
Content type term text
Content type code txt
Source rdacontent
337 ## - MEDIA TYPE
Media type term unmediated
Media type code n
Source rdamedia
338 ## - CARRIER TYPE
Carrier type term volume
Carrier type code nc
Source rdacarrier
500 ## - GENERAL NOTE
General note Includes bibliographical references and index.
520 ## - SUMMARY, ETC.
Summary, etc. "A healthy building does more than conserve resources: it improves the health and productivity of the people inside. Joseph Allen and John Macomber look at everything from the air we breathe to the water we drink to how light, sound, and materials impact our performance and wellbeing and drive business profit"--
Assigning source Provided by publisher.
650 #0 - SUBJECT ADDED ENTRY--TOPICAL TERM
Topical term or geographic name entry element Industrial productivity
General subdivision Effect of technological innovations on.
9 (RLIN) 121971
650 #0 - SUBJECT ADDED ENTRY--TOPICAL TERM
Topical term or geographic name entry element Industrial buildings
General subdivision Health aspects.
9 (RLIN) 121972
650 #0 - SUBJECT ADDED ENTRY--TOPICAL TERM
Topical term or geographic name entry element Sustainable buildings.
700 1# - ADDED ENTRY--PERSONAL NAME
Personal name Macomber, John D.,
Relator term author.
9 (RLIN) 121973
906 ## - LOCAL DATA ELEMENT F, LDF (RLIN)
a 7
b cbc
c orignew
d 1
e ecip
f 20
g y-gencatlg
942 ## - ADDED ENTRY ELEMENTS (KOHA)
Source of classification or shelving scheme
Koha item type Book
Holdings
Withdrawn status Lost status Source of classification or shelving scheme Damaged status Not for loan Permanent Location Current Location Date acquired Source of acquisition Total Checkouts Full call number Barcode Date last seen Cost, replacement price Price effective from Koha item type
          School of Art Design and Architecture (SADA) School of Art Design and Architecture (SADA) 06/14/2022 Multiline   363.11 ALL 2020 SADA0002958 03/07/2024 4536.00 03/07/2024 Book
© 2023 Central Library, National University of Sciences and Technology. All Rights Reserved.